Statistiken für Vorname als Nachname als Vorname #5

Klicken Sie hier um das Quiz zu spielen!

Allgemein

  • Dieses Quiz wurde 170 mal gespielt
  • Das Durchschnittsergebnis liegt bei 8 aus 14

Antwortstatistiken

Vorname? Name ?Nachname% Korrekt
WillieNelsonMandela
96%
CarlJosefStalin
76%
Kristin ScottThomasMann
75%
VictorHugoChavez
68%
MichaelMorganFreeman
67%
DebbieHarryBelafonte
64%
ChanningTatumO'Neal
61%
JamesDeanMartin
54%
TimoWernerHerzog
52%
LeeMarvinGaye
48%
DanielGordonRamsey
35%
MichaelJacksonBrowne
35%
KlausMaine-Coon-Katze
22%
RonHowardHughes
21%

Verteilung der Resultate

Perzentil nach korrekt beantworteten Fragen

Anzahl Personen mit jedem Resultat

Ihre Resultats-Entwicklung

Sie haben dieses Quiz noch nicht gespielt